000 00843nam a2200229Ia 4500
001 L248-16104
003 IT-CnALBA
008 170116s9999||||xx |||||||||||||| ||und||
040 _aIT-CnALBA
_cIT-CnALBA
041 _aITALIANO
100 _aBARRA GIOVANNI, SACERDOTE.
245 0 _aUNA PROPOSTA D'AMORE.
250 _a2a ed.
260 _aCINISELLO BALSAMO (MI)
_bEDIZIONI PAOLINE
_c1974 [1° Ed.: n.d.]
300 _a190 p. (prefazione: 7)
500 _aDIO È AMORE. AMORE DI GESÙ. CHIAMATA ALL'AMORE. AMORE E DOLORE. AMORE OPERANTE.
501 _aSocietà San Paolo EM - Piazza San Paolo, 14 - 12051 ALBA (CN) (non commercial uses only) ® Copyright 2017
520 _aDIO È AMORE. AMORE DI GESÙ. CHIAMATA ALL'AMORE. AMORE E DOLORE. AMORE OPERANTE.
650 _aASCETICA E MISTICA
942 _cBK
957 _71
999 _a20852
_bNO
_g Copie: 1
_c275270
_d275270